MARC details
| 000 -CABECERA |
| campo de control de longitud fija |
01297nam a2200313 a 4500 |
| 001 - NÚMERO DE CONTROL |
| campo de control |
000045267 |
| 003 - IDENTIFICADOR DEL NÚMERO DE CONTROL |
| campo de control |
DO-SdBNP |
| 005 - FECHA Y HORA DE LA ÚLTIMA TRANSACCIÓN |
| campo de control |
20250219104747.0 |
| 008 - DATOS DE LONGITUD FIJA--INFORMACIÓN GENERAL |
| campo de control de longitud fija |
150219s1995 dr ac 000 0 spa d |
| 040 ## - FUENTE DE LA CATALOGACIÓN |
| Centro catalogador/agencia de origen |
DO-SdBNP |
| Lengua de catalogación |
spa |
| Centro/agencia transcriptor |
BNPHU |
| 082 #4 - NÚMERO DE LA CLASIFICACIÓN DECIMAL DEWEY |
| Número de edición |
22 |
| 100 1# - ENTRADA PRINCIPAL--NOMBRE DE PERSONA |
| Nombre de persona |
Cipriano, |
| Fechas asociadas al nombre |
1886-1958 |
| Títulos y otros términos asociados al nombre |
de Utrera, fray, |
| 9 (RLIN) |
50420 |
| 245 10 - MENCIÓN DE TÍTULO |
| Título |
Santo Domingo : |
| Resto del título |
dilucidaciones históricas I-II / |
| Mención de responsabilidad, etc. |
Cipriano de Utrera; presentación, Jorge Tena Reyes ; edición e índice, Arístides Incháustegui, Blanca Delgado Malagón. |
| 250 ## - MENCIÓN DE EDICIÓN |
| Mención de edición |
Primera edición |
| 264 ## - PRODUCCIÓN, PUBLICACIÓN, DISTRIBUCIÓN, FABRICACIÓN Y COPYRIGHT |
| Producción, publicación, distribución, fabricación y copyright |
Santo Domingo : |
| Nombre del de productor, editor, distribuidor, fabricante |
Editora Secretaría de Estado de Educacioón, Bellas Artes y Cultos, |
| Fecha de producción, publicación, distribución, fabricación o copyright |
1995. |
| 300 ## - DESCRIPCIÓN FÍSICA |
| Extensión |
Volumenes ; |
| Dimensiones |
23 cm. |
| 336 ## - TIPO DE CONTENIDO |
| Término de tipo de contenido |
texto |
| Código de tipo de contenido |
txt |
| Fuente |
rdacontent |
| 337 ## - TIPO DE MEDIO |
| Nombre/término del tipo de medio |
sin mediación |
| Código del tipo de medio |
n |
| Fuente |
rdamedia |
| 338 ## - TIPO DE SOPORTE |
| Nombre/término del tipo de soporte |
volumen |
| Código del tipo de soporte |
nc |
| Fuente |
rdacarrier |
| 500 ## - NOTA GENERAL |
| Nota general |
Incluye referencias bibliográficas y notas al pie de las páginas |
| 500 ## - NOTA GENERAL |
| Nota general |
Publicaciones del Sesquicentenario de la Independencia Nacional |
| 500 ## - NOTA GENERAL |
| Nota general |
Incluye índice onomástico |
| 505 ## - NOTA DE CONTENIDO CON FORMATO |
| Información miscelánea |
I |
| 590 ## - NOTA LOCAL (RLIN) |
| Nota local |
Inventariado, 2024/BT |
| 700 1# - PUNTO DE ACCESO ADICIONAL--NOMBRE DE PERSONA |
| Nombre de persona |
Tena Reyes, Jorge, |
| Término indicativo de función/relación |
persentación |
| 9 (RLIN) |
8252 |
| Código de función/relación |
pres. |
| 700 1# - PUNTO DE ACCESO ADICIONAL--NOMBRE DE PERSONA |
| Nombre de persona |
Delgado Malagón, Blanca, |
| Término indicativo de función/relación |
edición e índice |
| 9 (RLIN) |
73295 |
| Código de función/relación |
ed. |
| 700 1# - PUNTO DE ACCESO ADICIONAL--NOMBRE DE PERSONA |
| Nombre de persona |
Incháustegui, Arístides, |
| Término indicativo de función/relación |
edición e índice |
| 9 (RLIN) |
73296 |
| Código de función/relación |
ed. |
| 942 ## - ELEMENTOS DE PUNTO DE ACCESO ADICIONAL (KOHA) |
| Fuente del sistema de clasificación o colocación |
Dewey Decimal Classification |
| Tipo de ítem Koha |
Libro |